000 01093nam a22003377a 4500
003 CHAP
005 20220329143455.0
008 091204s1972 mx r 00010 spa d
010 _a97196
011 _a98168
035 _a108851
040 _cCHAP
082 0 4 _a636.0842
_bG16
100 0 0 _aGarcía Moya, Edmundo.
_946345
245 1 0 _aManejo de agostaderos
_c/por Eduardo García Moya
260 _aChapingo, Méx. :
_bENA. Departamento de Zootecnia,
_c1972
300 _a155 p. :
_bilus., cuadros
590 _aBATCH-UPD
_b10
_c20130110
_lUCH01
_h1711
590 _aBATCH-UPD
_b10
_c20130410
_lUCH01
_h1056
590 _aBATCH-UPD
_b10
_c20130914
_lUCH01
_h0957
590 _aCONVERSION
_b10
_c20130109
_lUCH01
_h1354
650 1 4 _aCoeficiente de agostadero.
_924319
650 1 4 _aGanado vacuno
_xPastoreo.
_945502
650 1 4 _aPastoreo.
_985984
650 1 4 _aPlantas forrajeras.
_988943
650 1 4 _aPlantas forrajeras
_xSemilla.
_988983
901 _aBK
911 _aen proceso
942 _cLIBRO
949 _a636.0842 Gl6
_bBC
_cLIBRO
_d33724002135934
_eLIBRO
_gI.c/e
_h111432
_i108851
_sb
999 _c97196
_d97196